| 000 | 01689ngm a22004210a 4500 | ||
|---|---|---|---|
| 001 | PT45081 | ||
| 003 | AR-LpoUNG | ||
| 005 | 20210201235949.0 | ||
| 007 | vd cvaizq | ||
| 008 | 191001s2008||||ag |||||||||||||||||spa d | ||
| 040 |
_aAR-LpoUNG _bspa _cAR-LpoUNG _eaacr |
||
| 041 | _aspa | ||
| 044 | _aag | ||
| 082 | 0 | _a305.235 361seb | |
| 100 | 1 |
_aGerbaudo, María Belén _edir. |
|
| 245 | 1 | 0 | _aSebastián |
| 250 | _a1ª ed. | ||
| 260 |
_aBuenos Aires : _bUniversidad Nacional de General Sarmiento, _cjulio de 2008. |
||
| 300 | _aDVD (14 min.) : son., col. | ||
| 505 | 0 | _aGrupo de realización: cámaras: Gimena Sevilla. Edición: Lourdes Soledad Olivera. Producción: Diego Fernando Biancaniello. Realizado en el marco de la asignatura Taller 3, Programación y Producción de Medios Audiovisuales. Licenciatura en Comunicación. Instituto de Desarrollo Humano. | |
| 520 | _aSebastián es una persona como cualquier otra: juega al fútbol, trabaja y tiene novia. Pero, como todos nosotros, posee características que lo distinguen de los demás. En este documental usted podrá saber cómo Sebastián puede convivir con el resto de la sociedad conservando dichas características intactas. | ||
| 650 | 4 | _aARGENTINA | |
| 650 | 4 | _aRELACIONES HUMANAS | |
| 650 | 4 | _aSISTEMAS DE VALORES | |
| 650 | 4 | _aSOCIEDAD | |
| 650 | 4 | _aTRABAJADORES JOVENES | |
| 651 | 4 | _aArgentina | |
| 653 | _aAPAD | ||
| 653 | _aCINE ARGENTINO | ||
| 653 | _aCORTOMETRAJE | ||
| 653 | _aDISCAPACIDAD | ||
| 653 | _aDVD | ||
| 653 | _aINTEGRACION | ||
| 653 | _aVIDEOS | ||
| 710 | 2 | _aUniversidad Nacional de General Sarmiento. Instituto de Desarrollo Humano | |
| 905 | _a45081 | ||
| 942 | _cDVD | ||
| 999 |
_c53870 _d53870 |
||